00519nam a22001457a 4500003000400000005001700004008004100021040001400062100002400076245011200100260000900212300002900221500009200250504003100342OSt20171010095511.0120813t xxu||||| |||| 00| 0 eng d aMMSUcULS aDumaoal, Arnold F.  aEffects of anatomical marks and draft accessories on work performance of draft animals cArnold F. Dumaoal  c1993 axiv, 116 leaves c28 cm. aThesis (MS Agriculture) -- Mariano Marcos State University-Graduate School, Laoag City  aBibliography: leaves 49-51